Essentials of engineering design graphics: theory & tear-out exercises (Record no. 29779)

MARC details
000 -LEADER
fixed length control field 00458nam a2200181Ia 4500
020 ## - INTERNATIONAL STANDARD BOOK NUMBER
ISBN 978-0-7575-5263-2
050 ## - CALL MARK
Classification number TA 174 .V56/
100 ## - STATEMENT OF RESPONSIBILITY--MAIN AUTHOR NAME
Personal name Vinson, Gerald E.
245 #0 - TITLE STATEMENT
Title Essentials of engineering design graphics: theory & tear-out exercises
250 ## - EDITION / VOLUME STATEMENT
Edition / Volume statement 3rd ed.
260 ## - PUBLICATION, DISTRIBUTION, ETC. (IMPRINT)
Place of publication Iowa
260 ## - PUBLICATION, DISTRIBUTION, ETC. (IMPRINT)
Name of publisher Kendall/Hunt
260 ## - PUBLICATION, DISTRIBUTION, ETC. (IMPRINT)
Year of publication 2008
650 ## - SUBJECT ADDED ENTRY--TOPICAL TERM
Topical Term Design
942 ## - ADDED ENTRY ELEMENTS (KOHA)
Koha item type Books
Holdings
Withdrawn status Lost status Source of classification or shelving scheme Damaged status Not for loan Permanent Location Current Location Date acquired Accession Number Price effective from Koha item type
    Library of Congress Classification     NILE UNIVERSITY OF NIGERIA - MAIN LIBRARY NILE UNIVERSITY OF NIGERIA - MAIN LIBRARY 04/23/2025 0009004 04/23/2025 Books